=LDR 00000nam 2200000 4500 =001 INLIS000000000050473 =005 20170505090802 =035 ##$$a 0010-0517000126 =007 ta =008 170505###########################0###### =020 ##$$a 978-602-6421-03-6 =082 ##$$a 615.3 =084 ##$$a 615.3 SAT h =100 #$$a Satmoko, R =245 1#$$a Hidup Sehat Dengan Terapi Juz /$c Satmoko, R =250 ##$$a Cet.1 =260 ##$$a Jakarta :$b Pedar Kindy,$c 2016 =300 ##$$a vi, 98 hlm. : $b Ilus ; $c 21 cm. =650 ##$$a Terapi =990 ##$$a 78877887 =990 ##$$a 78877887 =990 ##$$a 31700969 =990 ##$$a 02201707887 =990 ##$$a 31700970 =990 ##$$a 31700969 =990 ##$$a 21301937 =990 ##$$a 31700970